Catalogue de la Bibliothèque de l'ENSA

Discours 9 (notice nᵒ 4454)

détails MARC
000 -LEADER
fixed length control field 00435nam a2200169Ia 4500
008 - FIXED-LENGTH DATA ELEMENTS--GENERAL INFORMATION
fixed length control field 160105s9999 xx 000 0 und d
020 ## - INTERNATIONAL STANDARD BOOK NUMBER
International Standard Book Number 2-7380-0946-8
041 ## - LANGUAGE CODE
Language code of text/sound track or separate title fre
245 ## - TITLE STATEMENT
Title Discours 9
260 ## - PUBLICATION, DISTRIBUTION, ETC.
Place of publication, distribution, etc Tunis
260 ## - PUBLICATION, DISTRIBUTION, ETC.
Name of publisher, distributor, etc Secrétariat d'état à l'information
260 ## - PUBLICATION, DISTRIBUTION, ETC.
Date of publication, distribution, etc 1976
654 ## - SUBJECT ADDED ENTRY--FACETED TOPICAL TERM
General subdivision HOMME POLITIQUE/DECOLONISATION/NON ALIGNEMENT/DEPENDANCE/MAGHREB
942 ## - ADDED ENTRY ELEMENTS (KOHA)
Koha item type Ouvrage
994 ## -
-- 104491
Exemplaires
Withdrawn status Lost status Damaged status Use restrictions Not for loan Home library Current library Cost, normal purchase price Shelving control number Total Checkouts Total Renewals Total Holds Full call number Barcode Cost, replacement price Koha item type
          Bibliothèque Centrale Bibliothèque Centrale 0.00         BC_563 14 BC_563 14 0.00 Ouvrage

Adresse: Ecole Nationale Supérieure Agronomique Hassen Badi - El Harrach Alger, Algérie

Tél +213 (0) 23 82 85 07+213 (0) 23 82 85 12 Fax +213 23 82 85 03/04 Courriel: bibliotheque@edu.ensa.dz